| 000 | 01412nam a2200289 4500 | ||
|---|---|---|---|
| 003 | CO-CtgCURN | ||
| 005 | 20250329165429.0 | ||
| 008 | 160531s2009 000 0 eng d | ||
| 040 |
_aCO-CtgCURN _bspa _ccoctgcurn |
||
| 082 | 0 |
_aENF 2009 _bJ945 |
|
| 100 | 1 | _aJulio Paternina, Meriel. | |
| 245 | 1 | 0 |
_aFactores que predisponen a la aparicion de escabiosis en los niños menores de 10 años del barrio Ceballos sector Canta Rana de la ciudad de Cartagena en el departamento de Bolívar / _cMeriel Julio Paternina ; asesor, Mauricio Pantoja. |
| 260 |
_aCartagena de Indias : _bCorporación Universitaria Rafael Núñez, _c2009. |
||
| 300 | _a62 h. | ||
| 336 | _2rdacontent | ||
| 337 |
_2rdamedia _asin mediacion _bn |
||
| 338 |
_2rdacarrier _avolumen _bnc |
||
| 500 | _aIncluye anexos. | ||
| 502 | _aTrabajo de grado (Enfermera (o)). Corporación Universitaria Rafael Nuñez. Facultad de Ciencias de la Salud. Programa de Enfermeria, 2009. | ||
| 504 | _aIncluye bibliografia. | ||
| 590 | _aEnfemeria | ||
| 650 | 0 |
_aEnfermeria _vTesis y disertaciones academicas. |
|
| 700 | 1 |
_aPantoja, Mauricio, _easesor. |
|
| 856 | 7 |
_uhttps://unicurn.sharepoint.com/:b:/s/biblioteca/EcrDR6qf0fZGogxh_FYkIJABzk7ZPl9HJ6qrLAPXjWpOjA?e=bGVRId _zClick aqui para ver el recurso en texto completo |
|
| 942 |
_hENF 2009 _iJ945 _2ddc _cTG |
||
| 999 |
_c3742 _d3742 |
||